1289 1614 1715 1145 1197 1763 1881 1618 1202 1551 1772 1353 1820 1935 1491 1870 1103 1920 1874 1649 1719 1351 1094 1031 1335 1023 1893 1151 1290 1907 1583 1562 1260 1504 1548 1203 1565 1866 1524 1956 1480 1965 1356 1085 1201 1429 1768 1471 1473 1161 1129 1288 1920 1353 1051 1301 1289 1906 1382 1292 1984 1368 1713 1780 1814 1207 1305 1637 1650 1668 1300 1234 1235 1234 1131 1201 1248 1867 1408 1146 1587 1164 1850 1116 1793 1201 1753 1681 1575 1606 1441 1821 1375 1650 1333 1005 1150 1813 1972 BCNSPRNW ULIB Ver.6.0+V

เปลี่ยนเป็นภาษาไทย

Change to English
 แสดงรายละเอียดบรรณานุกรม
  กลับหน้าหลัก

Brief Record : Get Marc (ISO 2709) : E-mail record : QR code < ปิดหน้าต่าง
LEADER : 00000nam 2200000uu 4500
001    13399111788
003     ULIB
008    110708s2544||||th 000 0 tha d
020    9746117149 (ล.1)
020    9746131028 (ล.2)
060 04 WY16^bส719ป 2544 ล.2
245 00 เอกสารการสอนชุดวิชาประเด็นและแนวโน้มทางการพยาบาล หน่วยที่ 8-15=^bNursing issues and trends/^cละออ หุตางกูร ... [และคนอื่นฯ]
246 31 Nursing issues and trends
250    พิมพ์ครั้งที่ 14
260    นนทบุรี :^bสำนักพิมพ์มหาวิทยาลัยสุโขทัยธรรมาธิราช,^c2532-2544
300    ล.2 มี 459-98- หน้า :^bภาพประกอบ ;^c30 ซม
500    "เอกสารการสอนชุดวิชา 51303 หน่วยที่ 8-15" -- หน้าปกใน
500    สิ่งพิมพ์ของ มหาวิทยาลัยสุโขทัยธรรมาธิราชสาขาวิชาวิทยาศาสตร์สุขภาพ
650  7 การพยาบาล
650  7 จรรยาบรรณพยาบาล
650  7 วิจัย
650  7 พยาบาล
700 0  ละออ หุตางกูร
710 1  มหาวิทยาลัยสุโขทัยธรรมาธิราช. ^bสาขาวิชาวิทยาศาสตร์สุขภาพ
945    ^p0^l0^i18300
945    ^p0^l0^i18301
945    ^p0^l0^i18302
995    กัณชพร
999     ^aใช้งานได้ทุกระบบ
รายการนี้ยังไม่มีแท็ก
คุณยังไม่ได้ล็อกอิน คุณสามารถมีกิจกรรมร่วมกับเว็บไซต์ได้ แต่ต้องล็อกอินก่อน ::
  ล็อกอิน

รายการสื่อสารสนเทศ

ลำดับที่ ประเภท เลขเรียก/บาร์โค้ด สถานที่ สถานะ
- ไม่พบข้อมูล -

รายการใกล้เคียง
    หัวเรื่อง [การพยาบาล]
    หัวเรื่อง [จรรยาบรรณพยาบาล]
    หัวเรื่อง [วิจัย]
    หัวเรื่อง [พยาบาล]

BibComment


ยังไม่เคยถูกคอมเมนท์

คอมเมนท์ทรัพยากรรายการนี้
  คอมเมนท์: เอกสารการสอนชุดวิ..


 Copyright 2026. Bcnsprnw @Library